01216nam a2200241 i 4500003000900000005001700009007000300026008004100029040003000070082001200100111014200112245010800254246010900362264009000471300004300561590002800604611009400632710009800726910000700824942001400831952011200845999001700957DO-SdBNP20230616091044.0ta220117e2021 dr acd|grt||| 001 0 spa d aDO-SdBNPbspacBNPHUerda 4bC7q2222 957630aAsamblean general de delegadosn(51 : d25 y 26 de noviembre, 2022:cJuan Dolio, San Pedro de Macorís: República Dominicana) 10a51 asamblea general ordinaria de delegados :binforme correspondiente al año fiscal 2021 /cCOOPNAMA aQuincuagésimo primero asamblea general ordinaria de delegados :binforme correspondiente al año 2014 aSanto Domingo :bCooperativa Nacional de Servicios Múltiples de los Maestros,c2021 a128 paginas . :bilustrados. ;c29 cm. aInventariado, 2023 / DG aAsamblea general ordinariac(San Pedro de Macorís: República Dominicanad2021)980948 aCooperativa Nacional de Servicios Múltiples de los Maestros (República Dominicana)974554 aDG 2ddccLBS1 00102ddc51708PDaBNPHUbBNPHUcCTd2023-06-16l0oBNPHU PD C7qp2023-2534r2023-06-16w2023-06-16yLBS1 c53845d53845